000 00724nam a22002177a 4500
005 20240530110558.0
008 160323s2012 ua g 000 0aara d
017 _a2012/14411
_bمصر . دار الكتب المصرية
020 _a9789770931479
040 _aEG-CaGPL
082 0 4 _221
_a818.07\
_bع و
100 0 _aعلاء خالد .
245 1 0 _aوجوه سكندرية :
_bسيرة مدنية /
_cعلاء خالد .
250 _aط1.
260 _aالقاهرة :
_bدار الشروق ،
_c2012 .
300 _a289 ص ؛
_c20 سم .
600 0 _aعلاء خالد
_vمذكرات .
651 0 4 _aالاسكندرية
_xتاريخ .
942 _2ddc
_cBK
999 _c62607
_d62607